Delirious City: Polity and Vanity in Urban India (Record no. 14254)

000 -LEADER
fixed length control field 00365nam a2200145Ia 4500
008 - FIXED-LENGTH DATA ELEMENTS--GENERAL INFORMATION
fixed length control field 260210s9999 xx 000 0 und d
020 ## - INTERNATIONAL STANDARD BOOK NUMBER
International Standard Book Number 9789389136104
082 ## - DEWEY DECIMAL CLASSIFICATION NUMBER
Classification number 711.40954 BHA
100 ## - MAIN ENTRY--PERSONAL NAME
Personal name Gautam Bhatia
245 #0 - TITLE STATEMENT
Title Delirious City: Polity and Vanity in Urban India
260 ## - PUBLICATION, DISTRIBUTION, ETC. (IMPRINT)
Name of publisher, distributor, etc Niyogi Books
260 ## - PUBLICATION, DISTRIBUTION, ETC. (IMPRINT)
Date of publication, distribution, etc 2019
300 ## - PHYSICAL DESCRIPTION
Extent 312 pages
942 ## - ADDED ENTRY ELEMENTS (KOHA)
Item type UG Books
Source of classification or shelving scheme
Holdings
Withdrawn status Lost status Source of classification or shelving scheme Damaged status Koha normalized classification for sorting Not for loan Permanent location Current location Shelving location Date acquired Full call number Barcode Date last seen Price effective from Koha item type
        711_409540000000000_BHA   BMS College of Architecture, Design and Planning BMS College of Architecture, Design and Planning General Stacks 2025-12-16 711.40954 BHA AR-UG5146 2026-02-10 2026-02-10 UG Books
Copyright © 2025, The Librarian, Library and Information Centre, BMSCA D&P, Bengaluru. All Rights Reserved
web counter

Powered by Koha